Szczegóły MARC21

Bezrobocie strukturalne na lokalnych rynkach pracy w województwie zachodniopomorskim /

003 -Nazwa inst., której nr kontr. jest w polu 001 [,]
    • @
    • Nazwa instytucji, której n kontrolny jest w polu 001
    • NUKAT
005 -DATA I CZAS OSTATNIEJ MODYFIKACJI [,]
    • @
    • pole kontrolne
    • 20241231091047.0
020 -Międzynarod. znormalizowany nr książki - ISBN [ , ]
    • a
    • Numer ISBN
    • 8372414319 Find
040 -Instytucja sporządzająca opis [ , ]
    • a
    • Instytucja, która sporządziła opis (NP)
    • SZCZ U/ML
    • c
    • Instytucja, która sporządziła rekord (NP)
    • SZCZ U/ML
    • d
    • Instytucja, która zmodyfikowała rekord (P)
    • SZCZ U/KP
942 -Rodzaj dokumentu [ , ]
    • c
    • Rodzaj dokumentu
    • Książka
100 -Hasło główne - nazwa osobowa [1, ]
    • a
    • Nazwa osobowa (NP)
    • Barański, Kazimierz
    • d
    • Daty biograficzne (NP)
    • (1942-2006).
    • 9
    • KHW
    • 39339
245 -Strefa tytułu i oznaczenia odpowiedzialności [1,0]
    • a
    • Tytuł
    • Bezrobocie strukturalne na lokalnych rynkach pracy w województwie zachodniopomorskim / Find
    • c
    • Pozostałe elementy strefy tytułu i oznaczenia odpowiedzialności (NP)
    • Kazimierz Barański.
250 -Strefa wydania [ , ]
    • a
    • Oznaczenie wydania (NP)
    • Wyd. 1 (dodruk).
260 -Strefa adresu wydawniczego [ , ]
    • a
    • Miejsce wydania (P)
    • Szczecin :
    • b
    • Nazwa wydawcy (P)
    • Wydawnictwo Naukowe Uniwersytetu Szczecińskiego,
    • c
    • Data wydania (P)
    • 2005.
300 -Strefa opisu fizycznego [ , ]
    • a
    • Określenie formy książki i/lub objętość (NP)
    • 373, [1] s. :
    • b
    • Oznaczenie ilustracji (NP)
    • il. ;
    • c
    • Format (NP)
    • 24 cm.
336 -Typ zawartości [ , ]
    • a
    • Termin opisujący typ zawartości
    • Tekst
    • b
    • Kod określający zawartość
    • txt
    • 2
    • Źródło (terminu i kodu)
    • rdacontent
337 -Typ mediów [ , ]
    • a
    • Tryb odtwarzania
    • Bez urządzenia pośredniczącego
    • b
    • Kod typu mediów
    • n
    • 2
    • Źródło (terminu i kodu)
    • rdamedia
338 -Typ/rodzaj nośnika [ , ]
    • a
    • Hasło opisujące typ nośnika
    • Wolumin
    • b
    • Kod typu nośnika
    • nc
    • 2
    • Źródło (terminu i kodu)
    • rdacarrier
490 -Strefa serii i książki wielotomowej - forma nie do wyszukiwania [1, ]
    • a
    • Tytuł (P)
    • Rozprawy i Studia / Uniwersytet Szczeciński, Find
    • x
    • ISSN (NP)
    • 0860-2751 ;
    • v
    • Numeracja (P)
    • t. 546
830 -Hasło dodatkowe serii i opisu książki wielotomowej - tytuł ujednolicony/tytuł [ ,0]
    • a
    • Tytuł ujednolicony/tytuł (NP)
    • Rozprawy i Studia - Uniwersytet Szczeciński
    • x
    • ISSN
    • 0860-2751
    • v
    • Oznaczenie tomu (NP)
    • t. 546
    • 9
    • KHW
    • 700
504 -Uwaga dot. bibliogr. załącznikowej [ , ]
    • a
    • Uwaga dot. bibliografii załącznikowej
    • Bibliogr. s. 308-330.
546 -Uwaga dot. języka [ , ]
    • a
    • Uwaga dot. języka
    • Streszcz. ang.
080 -Uniwersalna Klasyfikacja Dziesiętna [ , ]
    • 2
    • Identyfikator wydania tablic
    • UDC-P058
    • 9
    • UKD
    • 3057
    • a
    • Symbol klasyfikacji
    • 331.56/.57
    • b
    • Dopowiedzenie
    • Bezrobocie. Ograniczenie i likwidacja bezrobocia. Bezrobocie strukturalne. Tworzenie nowych miejsc pracy.
    • 4
    • UKD2
    • 7642
    • x
    • Poddział wspólny
    • (438)
    • c
    • Dopowiedzenie poddz. wspólnego
    • (Polska).
080 -Uniwersalna Klasyfikacja Dziesiętna [ , ]
    • 2
    • Identyfikator wydania tablic
    • UDC-P058
    • 9
    • UKD
    • 3052
    • a
    • Symbol klasyfikacji
    • 331.5
    • b
    • Dopowiedzenie
    • Rynek pracy. Zatrudnienie. Pełne zatrudnienie. Brak sił roboczych. Ruchliwość sił roboczych. Obcokrajowe siły robocze. Zatrudnienie cudzoziemców. Gastarbeiterzy. Praca za granicą. Rehabilitacja zawodowa.
    • 4
    • UKD2
    • 7642
    • x
    • Poddział wspólny
    • (438)
    • c
    • Dopowiedzenie poddz. wspólnego
    • (Polska).
080 -Uniwersalna Klasyfikacja Dziesiętna [ , ]
    • 2
    • Identyfikator wydania tablic
    • UDC-P058
    • 9
    • UKD
    • 13096
    • a
    • Symbol klasyfikacji
    • 308(438)
    • b
    • Dopowiedzenie
    • Sytuacja społeczna w Polsce.
080 -Uniwersalna Klasyfikacja Dziesiętna [ , ]
    • 2
    • Identyfikator wydania tablic
    • UDC-P058
    • 9
    • UKD
    • 8086
    • a
    • Symbol klasyfikacji
    • 338.1(438)
    • b
    • Dopowiedzenie
    • Sytuacja gospodarcza Polski.
650 -Hasło przedmiotowe [ ,7]
    • a
    • Hasło przedmiotowe
    • Bezrobocie strukturalne
    • z
    • Określnik geograficzny
    • Polska
    • z
    • Określnik geograficzny
    • Zachodniopomorskie, Województwo (1999- ).
    • 2
    • Źródło terminu
    • kaba
    • 9
    • KHW
    • 390006
980 -Symbol UKD [ , ]
    • a
    • UKD
    • 331.56/.57:331.5](438):308(438):338.1(438)
710 -Hasło dodatkowe - nazwa ciała zbiorowego [2, ]
    • a
    • Nazwa ciała zbiorowego lub nazwa geograficzna jako pierwszy element (NP)
    • Uniwersytet Szczeciński.
    • b
    • Nazwa jednostki podrzędnej (P)
    • Wydawnictwo Naukowe.
    • 4
    • Kod relacji
    • pbl
    • 9
    • KHW
    • 51208
920 -ISBN [ , ]
    • a
    • ISBN
    • 83-7241-431-9 Find
Status udost. Numer inwentarzowy Sygnatura Lokalizacja Data inwentaryzacji
-2E.69749 BE2005-06-22
-2S.92003 BE2005-06-21
-2S.92004 BE2005-06-21
-2S.92002 BE2005-06-21
-3GW.5441331GW2015-11-20